[Event "IND-chB (Women) 42nd"]
[Site "Bhayandar"]
[Date "2015.07.02"]
[Round "1"]
[White "Radhika Devi, Chavali"]
[Black "Srija, Seshadri"]
[Result "0-1"]
[WhiteElo "1404"]
[BlackElo "2145"]
[PlyCount "56"]
[EventDate "2015.07.02"]
[EventType "swiss"]
[EventRounds "11"]
[EventCountry "IND"]
[SourceTitle "CBM 167 Extra"]
[Source "ChessBase"]
[SourceDate "2015.09.14"]
[SourceVersion "1"]
[SourceVersionDate "2015.09.14"]
[SourceQuality "1"]

1. d4 Nf6 2. Nf3 d5 3. h3 e6 4. Bf4 c5 5. e3 Nc6 6. c3 Bd6 7. Bxd6 Qxd6 8. Bd3 0-0 9. 0-0 e5 10. dxe5 Nxe5 11. Nxe5 Qxe5 12. Nd2 Rd8 13. Re1 Be6 14. Qc2 Rac8 15. Rad1 Qh5 16. Be2 Qh6 17. Bg4 Nxg4 18. hxg4 Bxg4 19. f3 Bh5 20. Qf5 Bg6 21. Qe5 Re8 22. Qxd5 Rxe3 23. Nc4 Rxe1+ 24. Rxe1 Qh4 25. Qe5 h6 26. Nd6 Rd8 27. Nxb7 Rd2 28. Qxc5 Qxe1+ 0-1